[Event "Aut_chT_0910"]
[Site "Baden"]
[Date "2010.01.15"]
[Round "5"]
[Board "6"]
[White "Karner, Christoph"]
[Black "Reich, Thomas"]
[Result "1/2-1/2"]
[WhiteElo "2384"]
[BlackElo "2359"]
[PlyCount "87"]
[EventDate "2009.11.06"]
[EventType "team"]
[EventRounds "11"]
[EventCountry "AUT"]
[WhiteTeam "Holz Dohr"]
[BlackTeam "Sparkasse Jenbach"]

1.d4 Nf6 2.c4 g6 3.Nc3 Bg7 4.e4 O-O 5.Nf3 c5 6.d5 d6 7.h3 e6 8.Bd3 exd5 9.cxd5
Nbd7 10.Bf4 Ne8 11.O-O Ne5 12.Nxe5 dxe5 13.Be3 b6 14.a3 Nd6 15.Nb5 f5 16.f3 Rf7
17.b4 cxb4 18.axb4 Bf8 19.Qb3 f4 20.Bf2 Bd7 21.Nxd6 Bxd6 22.Rfc1 Rc8 23.Ba6
Rxc1+ 24.Rxc1 g5 25.Qc4 h5 26.Bc8 Kg7 27.Bxd7 Qxd7 28.b5 g4 29.hxg4 hxg4 30.Kf1
gxf3 31.gxf3 Qh3+ 32.Ke2 Rc7 33.Qxc7+ Bxc7 34.Rxc7+ Kf8 35.d6 Ke8 36.Rxa7 Qg2
37.Re7+ Kd8 38.Rxe5 Kd7 39.Rd5 Qg7 40.Bxb6 Qb2+ 41.Kf1 Qa1+ 42.Ke2 Qb2+ 43.Ke1
Qc3+ 44.Ke2

[Event "Aut_chT_0910"]
[Site "Baden"]
[Date "2010.01.15"]
[Round "5"]
[Board "1"]
[White "Rozentalis, Eduardas"]
[Black "Luther, Thomas"]
[Result "1-0"]
[WhiteElo "2623"]
[BlackElo "2577"]
[PlyCount "67"]
[EventDate "2009.11.06"]
[EventType "team"]
[EventRounds "11"]
[EventCountry "AUT"]
[WhiteTeam "SK Hohenems"]
[BlackTeam "Styria Graz"]

1.e4 e6 2.d4 d5 3.Nd2 c5 4.Ngf3 cxd4 5.Nxd4 Nc6 6.Bb5 Bd7 7.Nxc6 Bxc6 8.Bxc6+
bxc6 9.O-O Nf6 10.Qe2 Be7 11.b3 O-O 12.Bb2 a5 13.a4 Bb4 14.e5 Nd7 15.Nf3 Be7
16.Nd4 Qb6 17.f4 Nc5 18.f5 Ne4 19.f6 Bc5 20.Rad1 gxf6 21.exf6 Kh8 22.Kh1 Rg8
23.Qh5 Rg6 24.Nf3 Bd6 25.Nh4 Rag8 26.Nxg6+ Rxg6 27.Bd4 Bc5 28.c3 Bxd4 29.cxd4
Kg8 30.Rd3 Qa6 31.Qd1 Nxf6 32.Rdf3 Kg7 33.Qe1 Qb7 34.Qe5

[Event "Aut_chT_0910"]
[Site "Baden"]
[Date "2010.01.15"]
[Round "5"]
[Board "2"]
[White "Nanu, Ciprian Costica"]
[Black "Atlas, Valery"]
[Result "1-0"]
[WhiteElo "2506"]
[BlackElo "2423"]
[PlyCount "115"]
[EventDate "2009.11.06"]
[EventType "team"]
[EventRounds "11"]
[EventCountry "AUT"]
[WhiteTeam "Styria Graz"]
[BlackTeam "SK Hohenems"]

1.c4 Nf6 2.Nc3 c5 3.g3 e6 4.Nf3 b6 5.Bg2 Bb7 6.O-O Be7 7.d4 cxd4 8.Qxd4 d6 9.Rd1
a6 10.b3 Nbd7 11.Bb2 O-O 12.h3 Qc7 13.g4 h6 14.Qf4 Rad8 15.Rac1 Ne5 16.Qg3 Nfd7
17.Nd4 Bxg2 18.Qxg2 Rc8 19.f4 Ng6 20.f5 Nh4 21.Qg3 e5 22.Nd5 Qd8 23.Nf3 Nxf3+
24.Qxf3 Bg5 25.Rc2 b5 26.Ba3 Nb6 27.Nc3 Nxc4 28.bxc4 b4 29.Ne4 bxa3 30.Rxd6 Qa5
31.Qc3 Qa4 32.Nxg5 hxg5 33.c5 Rfd8 34.Qc4 Qb5 35.Rxd8+ Rxd8 36.c6 Qxc4 37.Rxc4
Rc8 38.Kf2 Kf8 39.Ke3 Ke7 40.Ke4 Kd6 41.f6 gxf6 42.Kf5 Kc7 43.Kxf6 Rd8 44.Rc3
Rd2 45.Rxa3 Rxe2 46.Kxf7 Kxc6 47.Kf6 Kd5 48.Kxg5 Kd4 49.h4 e4 50.h5 e3 51.Rxa6
Rh2 52.h6 e2 53.Re6 Kd3 54.Kg6 Kd2 55.g5 e1=Q 56.Rxe1 Kxe1 57.h7 Kd2 58.Kg7

[Event "Aut_chT_0910"]
[Site "Baden"]
[Date "2010.01.15"]
[Round "5"]
[Board "1"]
[White "Boros, Denez"]
[Black "Stocek, Jiri"]
[Result "0-1"]
[WhiteElo "2494"]
[BlackElo "2591"]
[PlyCount "72"]
[EventDate "2009.11.06"]
[EventType "team"]
[EventRounds "11"]
[EventCountry "AUT"]
[WhiteTeam "Husek Wien"]
[BlackTeam "ASVOE SK Lackenbach"]

1.e4 c5 2.Nf3 d6 3.d4 cxd4 4.Nxd4 Nf6 5.Nc3 g6 6.Be3 Bg7 7.f3 Nc6 8.Qd2 O-O
9.Bc4 Bd7 10.Bb3 Ne5 11.O-O-O Rc8 12.Kb1 Nc4 13.Bxc4 Rxc4 14.g4 b5 15.h4 b4
16.Nce2 Qc7 17.h5 Rc8 18.hxg6 fxg6 19.Nf4 e5 20.Nde6 exf4 21.Nxc7 fxe3 22.Qxe3
R4xc7 23.Rxd6 Ba4 24.Rd2 Bxc2+ 25.Rxc2 Rxc2 26.Qb3+ R8c4 27.Qxc2 Rxc2 28.Kxc2
Nd7 29.g5 Nc5 30.Rd1 Ne6 31.Kb3 Nxg5 32.Kxb4 Nxf3 33.Rd8+ Bf8+ 34.Kb5 g5 35.Rd5
g4 36.Rh5 g3

[Event "Aut_chT_0910"]
[Site "Baden"]
[Date "2010.01.15"]
[Round "5"]
[Board "3"]
[White "Juhasz, Kristof"]
[Black "Varga, Zoltan"]
[Result "0-1"]
[WhiteElo "2252"]
[BlackElo "2485"]
[PlyCount "178"]
[EventDate "2009.11.06"]
[EventType "team"]
[EventRounds "11"]
[EventCountry "AUT"]
[WhiteTeam "Husek Wien"]
[BlackTeam "ASVOE SK Lackenbach"]

1.d4 d5 2.c4 dxc4 3.Nf3 Nf6 4.e3 g6 5.Bxc4 Bg7 6.O-O O-O 7.Qe2 Ne4 8.Rd1 Nc6
9.Nc3 Nd6 10.Bb3 e5 11.dxe5 Nxe5 12.Nxe5 Bxe5 13.e4 Re8 14.f3 c6 15.Be3 Be6
16.Bxe6 Rxe6 17.Na4 Qc7 18.g3 b6 19.Rac1 Rae8 20.Qc2 Nb5 21.Bf2 Qe7 22.Kg2 g5
23.Rd3 h5 24.Rcd1 Qf6 25.Qd2 Bc7 26.Rf1 Qg6 27.Nc3 Nxc3 28.Qxc3 g4 29.Rd7 Be5
30.Bd4 Bxd4 31.Rxd4 gxf3+ 32.Qxf3 Rxe4 33.Rd2 Re3 34.Qf4 Qe4+ 35.Qxe4 R3xe4
36.Rd7 R8e7 37.Rd8+ Kg7 38.Rf2 c5 39.Rd5 R4e5 40.Rdd2 c4 41.Kh3 Ra5 42.Rf4 Rc7
43.a3 c3 44.bxc3 Rxa3 45.Rd5 Raxc3 46.Rxh5 R3c6 47.Rfh4 Rf6 48.Rh8 Rf2 49.Ra8 f5
50.Rh5 Kg6 51.Rhh8 Ra2 52.Raf8 Rf7 53.Rfg8+ Rg7 54.Rf8 a5 55.g4 Ra3+ 56.Kh4 fxg4
57.Kxg4 Ra4+ 58.Kg3 Rb4 59.h4 a4 60.h5+ Kg5 61.h6 Rg6 62.Rd8 Rc6 63.Rdg8+ Kh5
64.h7 Kh6 65.Rg4 Rc3+ 66.Kh4 Rxg4+ 67.Kxg4 Rc4+ 68.Kf3 Rb4 69.Ke3 Kg7 70.Ra8
Kxh7 71.Kd3 Kg6 72.Kc3 Rb3+ 73.Kc2 b5 74.Rf8 Kg5 75.Rf7 b4 76.Ra7 Rc3+ 77.Kb2
Rb3+ 78.Kc2 Ra3 79.Kb2 Kf5 80.Ra8 Ke4 81.Rb8 Rb3+ 82.Kc2 Rc3+ 83.Kb2 Rc4 84.Ra8
b3 85.Rd8 Rc2+ 86.Kb1 a3 87.Ra8 a2+ 88.Ka1 Rc1+ 89.Kb2 Rb1+

[Event "Aut_chT_0910"]
[Site "Baden"]
[Date "2010.01.15"]
[Round "5"]
[Board "4"]
[White "Vavrak, Peter"]
[Black "Binder, Michael"]
[Result "1/2-1/2"]
[WhiteElo "2470"]
[BlackElo "2208"]
[PlyCount "93"]
[EventDate "2009.11.06"]
[EventType "team"]
[EventRounds "11"]
[EventCountry "AUT"]
[WhiteTeam "ASVOE SK Lackenbach"]
[BlackTeam "Husek Wien"]

1.d4 d5 2.c4 e6 3.Nc3 Be7 4.cxd5 exd5 5.Bf4 c6 6.e3 Bd6 7.Bg3 Ne7 8.Bd3 Bf5
9.Nf3 O-O 10.O-O a5 11.Na4 Bxg3 12.hxg3 Nd7 13.a3 Bxd3 14.Qxd3 Nc8 15.b4 Nd6
16.Nc5 Qc7 17.Rfc1 Rfd8 18.Nd2 Ra7 19.Ncb3 axb4 20.axb4 Rxa1 21.Rxa1 Nb6 22.Nc5
g6 23.Qb3 Rb8 24.Nb1 Ra8 25.Rxa8+ Nxa8 26.Qa2 Qb8 27.Nc3 Nc7 28.Nd7 Qd8 29.Nc5
Qb8 30.g4 h6 31.Qa1 Ncb5 32.Nxb5 Nxb5 33.Qd1 Nd6 34.Qf3 Qd8 35.Qf4 Kg7 36.Qe5+
Kg8 37.g3 b6 38.Nd3 Nc4 39.Qf4 Kg7 40.Ne5 Nxe5 41.Qxe5+ Kh7 42.Kg2 Qd7 43.Kf3
Qd8 44.Kg2 Qd7 45.Kf3 Qd8 46.Ke2 Qd7 47.Kf3

[Event "Aut_chT_0910"]
[Site "Baden"]
[Date "2010.01.15"]
[Round "5"]
[Board "5"]
[White "Reinwald, Patrick"]
[Black "Bokros, Albert"]
[Result "0-1"]
[WhiteElo "2096"]
[BlackElo "2479"]
[PlyCount "120"]
[EventDate "2009.11.06"]
[EventType "team"]
[EventRounds "11"]
[EventCountry "AUT"]
[WhiteTeam "Husek Wien"]
[BlackTeam "ASVOE SK Lackenbach"]

1.e4 c5 2.d4 cxd4 3.c3 Nf6 4.e5 Nd5 5.Nf3 e6 6.cxd4 d6 7.Bc4 Nc6 8.O-O Be7 9.Qe2
O-O 10.Rd1 Qc7 11.Bd2 a6 12.Nc3 Nxc3 13.bxc3 dxe5 14.dxe5 b5 15.Bd3 Bb7 16.Qe4
g6 17.Bh6 Rfd8 18.Qf4 Rd7 19.Be4 Rad8 20.Re1 Bf8 21.h4 Ne7 22.Ng5 Nd5 23.Bxd5
Bxh6 24.Bb3 Qxc3 25.Qf6 Bg7 26.Qf4 Qd2 27.Qg3 Rd3 28.f3 Bd5 29.Rad1 Qc3 30.Rc1
Qd4+ 31.Kh2 h6 32.Nh3 Bxb3 33.axb3 Rxb3 34.h5 g5 35.Nxg5 hxg5 36.Qxg5 Qd2 37.f4
Rdd3 38.Rcd1 Qc3 39.Rxd3 Qxd3 40.h6 Qh7 41.Qxg7+ Qxg7 42.hxg7 a5 43.g4 Kxg7
44.f5 a4 45.Rc1 Re3 46.Rc5 b4 47.Rc4 Rxe5 48.Rxb4 Ra5 49.fxe6 fxe6 50.Rb2 a3
51.Ra2 Kg6 52.Kg3 Kg5 53.Kf3 Ra4 54.Ke3 Kxg4 55.Kd3 Kf3 56.Kd2 e5 57.Ke1 e4
58.Ra1 a2 59.Kd2 e3+ 60.Ke1 Rh4

[Event "Aut_chT_0910"]
[Site "Baden"]
[Date "2010.01.15"]
[Round "5"]
[Board "6"]
[White "Hagara, Eduard"]
[Black "Zojer, Stefan"]
[Result "1-0"]
[WhiteElo "2383"]
[BlackElo "2043"]
[PlyCount "99"]
[EventDate "2009.11.06"]
[EventType "team"]
[EventRounds "11"]
[EventCountry "AUT"]
[WhiteTeam "ASVOE SK Lackenbach"]
[BlackTeam "Husek Wien"]

1.e4 c5 2.Nf3 d6 3.d4 cxd4 4.Nxd4 Nf6 5.Nc3 a6 6.Be2 e5 7.Nb3 Be7 8.Be3 O-O 9.f4
exf4 10.Bxf4 Nc6 11.Qd2 Be6 12.O-O-O Ne5 13.h3 Rc8 14.g4 Bxb3 15.axb3 Qa5 16.Kb1
Nc6 17.Nd5 Qxd2 18.Nxf6+ Bxf6 19.Rxd2 Be5 20.Bxe5 dxe5 21.Bc4 Rfd8 22.Bd5 Nb4
23.Rhd1 Nxd5 24.Rxd5 Rxd5 25.Rxd5 f6 26.Rd7 b6 27.c3 Rc6 28.Kc2 h5 29.gxh5 Kh7
30.b4 Kh6 31.Kd3 g6 32.hxg6 Kxg6 33.Rd8 Kg5 34.Ke3 Rc7 35.Rg8+ Kh4 36.Ra8 Kxh3
37.Rxa6 Rb7 38.Ra8 Rg7 39.Rb8 Rg3+ 40.Kd2 Rg2+ 41.Kd3 Rxb2 42.Rxb6 Rf2 43.b5 Kg4
44.Rc6 Rf3+ 45.Kc4 f5 46.b6 Rf1 47.exf5 Kxf5 48.Rc5 Kf4 49.b7 Rb1 50.Rb5

[Event "Aut_chT_0910"]
[Site "Baden"]
[Date "2010.01.15"]
[Round "5"]
[Board "3"]
[White "Shengelia, Davit"]
[Black "Schneider, Ilja"]
[Result "1/2-1/2"]
[WhiteElo "2566"]
[BlackElo "2497"]
[PlyCount "92"]
[EventDate "2009.11.06"]
[EventType "team"]
[EventRounds "11"]
[EventCountry "AUT"]
[WhiteTeam "SK Advisory Invest Baden"]
[BlackTeam "ASVOE Wulkaprodersdorf"]

1.d4 d5 2.Nf3 Nf6 3.c4 c6 4.e3 Bf5 5.Nc3 e6 6.Nh4 Be4 7.f3 Bg6 8.Qb3 Qc7 9.Bd2
Be7 10.O-O-O dxc4 11.Qxc4 a6 12.g4 b5 13.Qe2 c5 14.Nxg6 hxg6 15.dxc5 Qxc5 16.Kb1
Nc6 17.Rc1 Rd8 18.f4 Nb4 19.g5 Ne4 20.Nxe4 Qd5 21.Nc3 Qxh1 22.Bg2 Qxh2 23.Nxb5
Nd3 24.Nc7+ Kf8 25.Rh1 Qxh1+ 26.Bxh1 Rxh1+ 27.Kc2 Ra1 28.a3 Ra2 29.Bc3 Nxb2
30.Bxb2 Rb8 31.Qxa6 Raxb2+ 32.Kd1 Ra2 33.Nb5 Bxa3 34.Nc3 Rd8+ 35.Ke1 Ra1+ 36.Ke2
Kg8 37.Ne4 Bb2 38.Qb6 Rda8 39.Kf3 Ba3 40.Nf2 Be7 41.Ng4 R1a5 42.Qc7 R5a7 43.Qc6
Ra6 44.Qc7 Bd6 45.Qb7 Kf8 46.Qb5 Kg8

[Event "Aut_chT_0910"]
[Site "Baden"]
[Date "2010.01.15"]
[Round "5"]
[Board "5"]
[White "Baumegger, Siegfried"]
[Black "Likavsky, Tomas"]
[Result "0-1"]
[WhiteElo "2442"]
[BlackElo "2476"]
[PlyCount "84"]
[EventDate "2009.11.06"]
[EventType "team"]
[EventRounds "11"]
[EventCountry "AUT"]
[WhiteTeam "SK Advisory Invest Baden"]
[BlackTeam "ASVOE Wulkaprodersdorf"]

1.d4 d5 2.c4 e6 3.Nc3 Be7 4.Nf3 Nf6 5.Bg5 h6 6.Bh4 O-O 7.e3 b6 8.Bd3 Bb7 9.O-O
Nbd7 10.Bg3 c5 11.Qe2 cxd4 12.exd4 dxc4 13.Bxc4 Nh5 14.d5 Nxg3 15.hxg3 exd5
16.Bxd5 Bxd5 17.Nxd5 Re8 18.Rad1 Bc5 19.Qc2 Nf6 20.Qf5 Re6 21.Ne5 Qe8 22.Nd3
Nxd5 23.Qxd5 Rd8 24.Qb3 Bd4 25.Nf4 Red6 26.Rde1 Qd7 27.Re2 Bc5 28.Rfe1 Rd2
29.Qf3 Rxe2 30.Rxe2 Qf5 31.Re4 Rd2 32.Re2 Qb1+ 33.Kh2 Rxe2 34.Qxe2 Qxa2 35.Qe5
Qc4 36.f3 a5 37.Qf5 a4 38.Nd5 g6 39.Nf6+ Kg7 40.Qe5 Qd4 41.Nh5+ Kh7 42.Nf6+ Kh8

[Event "Aut_chT_0910"]
[Site "Baden"]
[Date "2010.01.15"]
[Round "5"]
[Board "1"]
[White "Lanka, Zigurds"]
[Black "Lipka, Juraj"]
[Result "1/2-1/2"]
[WhiteElo "2506"]
[BlackElo "2409"]
[PlyCount "61"]
[EventDate "2009.11.06"]
[EventType "team"]
[EventRounds "11"]
[EventCountry "AUT"]
[WhiteTeam "Mayrhofen/Zillertal"]
[BlackTeam "ASVOE Pamhagen"]

1.e4 e6 2.d4 d5 3.Nc3 Nf6 4.e5 Nfd7 5.f4 c5 6.Nce2 Nc6 7.Nf3 Be7 8.c3 O-O 9.a3
a5 10.Ng3 cxd4 11.cxd4 f5 12.Bd3 Nb6 13.O-O Bd7 14.Kh1 a4 15.Rg1 Be8 16.h3 Na5
17.Nf1 Rc8 18.Be3 Nbc4 19.Rb1 b5 20.Qe2 Nxe3 21.Nxe3 Nc4 22.Bxc4 bxc4 23.Nd1 Bh5
24.Nc3 Qb6 25.Qd2 Bxf3 26.gxf3 Qb3 27.Rg2 Bd8 28.Qf2 Rf7 29.Rbg1 Ra8 30.Kh2 Qb7
31.Qc2

[Event "Aut_chT_0910"]
[Site "Baden"]
[Date "2010.01.15"]
[Round "5"]
[Board "2"]
[White "Kuthan, Andreas"]
[Black "Maiwald, Jens-Uwe"]
[Result "0-1"]
[WhiteElo "2220"]
[BlackElo "2474"]
[PlyCount "52"]
[EventDate "2009.11.06"]
[EventType "team"]
[EventRounds "11"]
[EventCountry "AUT"]
[WhiteTeam "ASVOE Pamhagen"]
[BlackTeam "Mayrhofen/Zillertal"]

1.d4 d5 2.c4 dxc4 3.e3 e5 4.Bxc4 exd4 5.exd4 Nf6 6.Nc3 Bd6 7.Nf3 O-O 8.h3 h6
9.O-O Nc6 10.Re1 Bf5 11.Ne5 Bxe5 12.dxe5 Qxd1 13.Nxd1 Nd7 14.Bf4 Nb6 15.Ne3 Be6
16.Bd3 Rad8 17.Be4 Nb4 18.a3 Nd3 19.Bxd3 Rxd3 20.Red1 Rb3 21.Rd2 Na4 22.Nd1 c5
23.Rc1 Rc8 24.Be3 Kh7 25.Rcc2 Nb6 26.Rxc5 Rxe3

[Event "Aut_chT_0910"]
[Site "Baden"]
[Date "2010.01.15"]
[Round "5"]
[Board "5"]
[White "Hausner, Ivan"]
[Black "Lovrinovic, Christian"]
[Result "1-0"]
[WhiteElo "2460"]
[BlackElo "2247"]
[PlyCount "69"]
[EventDate "2009.11.06"]
[EventType "team"]
[EventRounds "11"]
[EventCountry "AUT"]
[WhiteTeam "Mayrhofen/Zillertal"]
[BlackTeam "ASVOE Pamhagen"]

1.c4 e5 2.Nc3 Nf6 3.Nf3 Nc6 4.d4 exd4 5.Nxd4 d6 6.g3 Bd7 7.Bg2 Be7 8.O-O O-O
9.Nc2 Qc8 10.Ne3 Re8 11.b3 Bh3 12.Bb2 Bxg2 13.Kxg2 Bf8 14.Ncd5 Nxd5 15.cxd5 Nb8
16.Rc1 c5 17.dxc6 bxc6 18.Qd3 Qe6 19.Rc2 a5 20.a3 Ra6 21.Nc4 d5 22.Ne3 Rb6
23.Bd4 Rb7 24.Bc5 d4 25.Qxd4 Rxb3 26.Bxf8 Rxf8 27.Rc3 Rb2 28.Re1 Qa2 29.Nf5 f6
30.Ne7+ Kh8 31.Qd6 Qf7 32.Nxc6 Rb6 33.Nd8 Qe8 34.Qd2 Qxd8 35.Qd1

[Event "Aut_chT_0910"]
[Site "Baden"]
[Date "2010.01.15"]
[Round "5"]
[Board "6"]
[White "Bozinovic, Boban"]
[Black "Tabernig, Bernhard"]
[Result "0-1"]
[WhiteElo "2086"]
[BlackElo "2293"]
[PlyCount "72"]
[EventDate "2009.11.06"]
[EventType "team"]
[EventRounds "11"]
[EventCountry "AUT"]
[WhiteTeam "ASVOE Pamhagen"]
[BlackTeam "Mayrhofen/Zillertal"]

1.d4 Nf6 2.Nf3 e6 3.e3 b6 4.Bd3 Bb7 5.Nbd2 d5 6.O-O Nbd7 7.Qe2 Ne4 8.c3 Bd6
9.Ne1 Qh4 10.g3 Qh3 11.f3 Nxd2 12.Bxd2 f5 13.Qg2 Qxg2+ 14.Nxg2 O-O 15.f4 a5
16.Rfe1 a4 17.b3 Ba6 18.Bc2 Bb5 19.Rec1 Ra7 20.b4 Nf6 21.Re1 a3 22.Nh4 Ne4
23.Nf3 c5 24.bxc5 bxc5 25.Rab1 Bc4 26.Bb3 Bd3 27.Rbc1 c4 28.Bc2 Rb8 29.Bxd3 cxd3
30.Red1 Rc7 31.Be1 Rb2 32.Rxd3 Rxa2 33.Nd2 Rb7 34.c4 Nxd2 35.Bxd2 dxc4 36.Rxc4
Rbb2

[Event "Aut_chT_0910"]
[Site "Baden"]
[Date "2010.01.15"]
[Round "5"]
[Board "1"]
[White "Ragger, Markus"]
[Black "Kurnosov, Igor"]
[Result "1/2-1/2"]
[WhiteElo "2568"]
[BlackElo "2674"]
[PlyCount "61"]
[EventDate "2009.11.06"]
[EventType "team"]
[EventRounds "11"]
[EventCountry "AUT"]
[WhiteTeam "SK Kl.Ztg.MPOE Maria Saal"]
[BlackTeam "SK Sparkasse Fuerstenfeld"]

1.Nf3 Nf6 2.c4 g6 3.Nc3 d5 4.cxd5 Nxd5 5.g3 Nxc3 6.bxc3 b6 7.Bg2 Bb7 8.O-O Bg7
9.d4 O-O 10.a4 Nc6 11.Nd2 Na5 12.Bxb7 Nxb7 13.Ba3 c5 14.Nb3 Rc8 15.dxc5 Nxc5
16.Nxc5 bxc5 17.Rb1 Bxc3 18.Qxd8 Rfxd8 19.Rfc1 Bb4 20.Bxb4 cxb4 21.Rxc8 Rxc8
22.Rxb4 Rc2 23.e3 Ra2 24.Rb7 Rxa4 25.Rxe7 h5 26.h4 Kg7 27.Kg2 Ra2 28.Rb7 a5
29.Ra7 a4 30.Ra6 a3 31.Kf3

[Event "Aut_chT_0910"]
[Site "Baden"]
[Date "2010.01.15"]
[Round "5"]
[Board "2"]
[White "Mikhalevski, Victor"]
[Black "Pavasovic, Dusko"]
[Result "1/2-1/2"]
[WhiteElo "2611"]
[BlackElo "2574"]
[PlyCount "101"]
[EventDate "2009.11.06"]
[EventType "team"]
[EventRounds "11"]
[EventCountry "AUT"]
[WhiteTeam "SK Sparkasse Fuerstenfeld"]
[BlackTeam "SK Kl.Ztg.MPOE Maria Saal"]

1.d4 d5 2.c4 e6 3.Nf3 Nf6 4.e3 c5 5.dxc5 Bxc5 6.a3 O-O 7.b4 Be7 8.Bb2 b6 9.Nbd2
Bb7 10.Be2 Nbd7 11.O-O Rc8 12.Rc1 Rc7 13.Nd4 Qa8 14.Nb5 Rcc8 15.cxd5 Nxd5 16.Nc4
N5f6 17.f3 Bd5 18.e4 Bxc4 19.Bxc4 a6 20.Nd4 b5 21.Bb3 Nb6 22.Qe2 Rxc1 23.Rxc1
Rc8 24.Rc2 Qb7 25.g3 Ne8 26.e5 Nc7 27.f4 g6 28.Rc6 Ncd5 29.Qc2 Nc4 30.Bxc4 Rxc6
31.Nxc6 Ne3 32.Na5 Qc8 33.Qe4 Nxc4 34.Nxc4 bxc4 35.Bc3 h5 36.Kf2 Bd8 37.Ke2 Bb6
38.h3 Qd7 39.Qxc4 Qb7 40.Kd1 Bf2 41.a4 Qf3+ 42.Kc2 Qxg3 43.Qxa6 Qxh3 44.Qa8+ Kg7
45.a5 h4 46.b5 Qf1 47.b6 Qe2+ 48.Kb3 Qb5+ 49.Kc2 Qe2+ 50.Kb3 Qb5+ 51.Kc2

[Event "Aut_chT_0910"]
[Site "Baden"]
[Date "2010.01.15"]
[Round "5"]
[Board "3"]
[White "Buhmann, Rainer"]
[Black "Pinter, Jozsef"]
[Result "1-0"]
[WhiteElo "2591"]
[BlackElo "2570"]
[PlyCount "83"]
[EventDate "2009.11.06"]
[EventType "team"]
[EventRounds "11"]
[EventCountry "AUT"]
[WhiteTeam "SK Kl.Ztg.MPOE Maria Saal"]
[BlackTeam "SK Sparkasse Fuerstenfeld"]

1.Nf3 Nf6 2.c4 e6 3.g3 d5 4.d4 Bb4+ 5.Bd2 Be7 6.Bg2 O-O 7.O-O c6 8.Qc2 b6 9.Bg5
Nbd7 10.Nbd2 Bb7 11.e4 Nxe4 12.Nxe4 dxe4 13.Bxe7 Qxe7 14.Qxe4 Nf6 15.Qe3 c5
16.dxc5 bxc5 17.Rfd1 Rac8 18.Rd3 Be4 19.Rd2 Qb7 20.Rad1 h6 21.Ne1 Bxg2 22.Nxg2
a5 23.Ne1 Rfe8 24.Nf3 a4 25.Ne5 Rc7 26.h4 Qa8 27.g4 Qe4 28.Qxe4 Nxe4 29.Rd7 Rxd7
30.Rxd7 Rb8 31.f3 Nf6 32.Ra7 Rxb2 33.Rxa4 Rb7 34.Ra8+ Kh7 35.a4 h5 36.g5 Nd7
37.Nxf7 Nb6 38.Rh8+ Kg6 39.Ne5+ Kf5 40.Nd3 Nxc4 41.Rf8+ Kg6 42.Nf4+

[Event "Aut_chT_0910"]
[Site "Baden"]
[Date "2010.01.15"]
[Round "5"]
[Board "5"]
[White "Halvax, Georg"]
[Black "Kilgus, Georg"]
[Result "1/2-1/2"]
[WhiteElo "2265"]
[BlackElo "2384"]
[PlyCount "50"]
[EventDate "2009.11.06"]
[EventType "team"]
[EventRounds "11"]
[EventCountry "AUT"]
[WhiteTeam "SK Kl.Ztg.MPOE Maria Saal"]
[BlackTeam "SK Sparkasse Fuerstenfeld"]

1.e4 e5 2.Nf3 Nc6 3.Bb5 a6 4.Ba4 Nf6 5.O-O Be7 6.Re1 b5 7.Bb3 d6 8.c3 O-O 9.h3
Na5 10.Bc2 c5 11.d4 Qc7 12.Nbd2 Nc6 13.Nf1 cxd4 14.cxd4 Nxd4 15.Nxd4 exd4 16.Bb3
Bb7 17.Qxd4 d5 18.exd5 Bc5 19.Qe5 Qxe5 20.Rxe5 Bd4 21.Re1 Bxd5 22.Bxd5 Nxd5
23.Rd1 Nb4 24.Be3 Bxe3 25.Nxe3 Rfd8

[Event "Aut_chT_0910"]
[Site "Baden"]
[Date "2010.01.15"]
[Round "5"]
[Board "6"]
[White "Poetz, Florian"]
[Black "Hartl, Daniel"]
[Result "1/2-1/2"]
[WhiteElo "2317"]
[BlackElo "2253"]
[PlyCount "60"]
[EventDate "2009.11.06"]
[EventType "team"]
[EventRounds "11"]
[EventCountry "AUT"]
[WhiteTeam "SK Sparkasse Fuerstenfeld"]
[BlackTeam "SK Kl.Ztg.MPOE Maria Saal"]

1.e4 e5 2.Nf3 Nc6 3.Bb5 a6 4.Ba4 Nf6 5.O-O b5 6.Bb3 Bc5 7.a4 Rb8 8.c3 d6 9.d4
Bb6 10.Qd3 O-O 11.Bg5 exd4 12.cxd4 h6 13.Bh4 g5 14.Bg3 Nh5 15.axb5 axb5 16.Rc1
Bd7 17.e5 Kg7 18.exd6 Nxg3 19.dxc7 Qxc7 20.hxg3 Qd6 21.Nc3 Nxd4 22.Nxd4 Qxd4
23.Qxd4+ Bxd4 24.Rd1 Bxc3 25.bxc3 Bf5 26.Ra7 Rbc8 27.Rd5 Rxc3 28.Rxb5 Bg6 29.g4
Rc6 30.Rbb7 Rf6

[Event "Aut_chT_0910"]
[Site "Baden"]
[Date "2010.01.16"]
[Round "6"]
[Board "1"]
[White "Meier, Georg"]
[Black "Kurnosov, Igor"]
[Result "1/2-1/2"]
[WhiteElo "2663"]
[BlackElo "2674"]
[PlyCount "82"]
[EventDate "2009.11.06"]
[EventType "team"]
[EventRounds "11"]
[EventCountry "AUT"]
[WhiteTeam "Holz Dohr"]
[BlackTeam "SK Sparkasse Fuerstenfeld"]

1.Nf3 c5 2.c4 g6 3.d4 cxd4 4.Nxd4 Nc6 5.e4 Nf6 6.Nc3 Nxd4 7.Qxd4 d6 8.Bg5 Bg7
9.Qd2 Be6 10.Rc1 O-O 11.Bd3 Qa5 12.O-O Rfc8 13.b3 a6 14.Rfe1 Rc5 15.Nd5 Qxd2
16.Bxd2 Re8 17.a4 a5 18.Be3 Rc6 19.Nxf6+ Bxf6 20.f4 Bb2 21.Rcd1 Bc3 22.Rf1 Bb4
23.f5 Bd7 24.Kh1 e6 25.fxe6 Rxe6 26.Rf4 Bc3 27.h3 Rc7 28.Bb6 Rc6 29.c5 Bd4
30.Bc4 Bxc5 31.Bxa5 b6 32.Bc3 Re7 33.Rdf1 Be8 34.Bd5 Rc8 35.R4f3 Ba3 36.Bd4 Bc5
37.Bc3 Ba3 38.Bd4 Bc5 39.Rc1 Bc6 40.Bxc6 Bxd4 41.Rc4 Be5

[Event "Aut_chT_0910"]
[Site "Baden"]
[Date "2010.01.16"]
[Round "6"]
[Board "2"]
[White "Mikhalevski, Victor"]
[Black "Kuzubov, Yuriy"]
[Result "1/2-1/2"]
[WhiteElo "2611"]
[BlackElo "2634"]
[PlyCount "64"]
[EventDate "2009.11.06"]
[EventType "team"]
[EventRounds "11"]
[EventCountry "AUT"]
[WhiteTeam "SK Sparkasse Fuerstenfeld"]
[BlackTeam "Holz Dohr"]

1.d4 g6 2.c4 Bg7 3.e4 c5 4.d5 d6 5.Nc3 a6 6.Nf3 e6 7.h3 Ne7 8.a4 O-O 9.Bd3 Nd7
10.O-O e5 11.a5 f5 12.Ng5 Nf6 13.Ne6 Bxe6 14.dxe6 f4 15.Nd5 Nc6 16.b4 cxb4
17.Qa4 Re8 18.e7 Nxe7 19.Qxb4 Nexd5 20.cxd5 Nd7 21.Be2 Nc5 22.Ba3 Bf8 23.Rfb1
Rc8 24.Bf3 h5 25.Qd2 Qd7 26.Ra2 Re7 27.Rc2 Rf7 28.Bxc5 Rxc5 29.Rxc5 dxc5 30.Rb6
Bd6 31.Be2 Kg7 32.Qa2 Qe7

[Event "Aut_chT_0910"]
[Site "Baden"]
[Date "2010.01.16"]
[Round "6"]
[Board "3"]
[White "Baklan, Vladimir"]
[Black "Pinter, Jozsef"]
[Result "1/2-1/2"]
[WhiteElo "2644"]
[BlackElo "2570"]
[PlyCount "99"]
[EventDate "2009.11.06"]
[EventType "team"]
[EventRounds "11"]
[EventCountry "AUT"]
[WhiteTeam "Holz Dohr"]
[BlackTeam "SK Sparkasse Fuerstenfeld"]

1.e4 e5 2.Nf3 Nc6 3.Bb5 a6 4.Ba4 Nf6 5.O-O Be7 6.Re1 b5 7.Bb3 O-O 8.h3 Bb7 9.d3
d6 10.a3 Na5 11.Ba2 c5 12.Nc3 Nc6 13.Ne2 Bc8 14.Ng3 Be6 15.Bxe6 fxe6 16.c3 Ne8
17.b4 a5 18.Bd2 Nc7 19.bxa5 Rxa5 20.a4 Rxa4 21.Rxa4 bxa4 22.Qxa4 Qa8 23.Qxa8
Rxa8 24.Rb1 Rb8 25.Rxb8+ Nxb8 26.Nf1 Nc6 27.Ne3 Na5 28.Kf1 Kf7 29.Ke2 h6 30.Kd1
Ne8 31.Be1 Nf6 32.Nd2 Ke8 33.Kc2 Kd7 34.Ndc4 Nc6 35.f3 Nh5 36.g3 Bd8 37.Kb3 Na7
38.Ng4 Bc7 39.Bf2 Nb5 40.Be1 Na7 41.Ka4 Kc6 42.Na3 Nc8 43.c4 Nb6+ 44.Kb3 Nc8
45.Nb5 Kd7 46.Na3 Bd8 47.Ne3 Kc6 48.Ng2 Nf6 49.g4 Nh7 50.h4

[Event "Aut_chT_0910"]
[Site "Baden"]
[Date "2010.01.16"]
[Round "6"]
[Board "5"]
[White "Palac, Mladen"]
[Black "Sipos, Istvan"]
[Result "1-0"]
[WhiteElo "2563"]
[BlackElo "2491"]
[PlyCount "70"]
[EventDate "2009.11.06"]
[EventType "team"]
[EventRounds "11"]
[EventCountry "AUT"]
[WhiteTeam "Holz Dohr"]
[BlackTeam "SK Sparkasse Fuerstenfeld"]

1.e4 c5 2.Nf3 d6 3.c3 Nf6 4.h3 g6 5.Bd3 Bg7 6.Bc2 Nc6 7.d4 O-O 8.O-O cxd4 9.cxd4
Nb4 10.Bb3 d5 11.e5 Ne4 12.Re1 b6 13.a3 Nc6 14.Bf4 e6 15.Nbd2 Nxd2 16.Qxd2 Na5
17.Bc2 Ba6 18.Bg5 Qd7 19.b4 Nc4 20.Qf4 Rfc8 21.Ra2 Qc7 22.h4 Bb7 23.Bd3 b5 24.h5
a5 25.Rae2 axb4 26.axb4 Ra3 27.Bb1 Rb3 28.Qh4 Ra8 29.Bf6 Rxf3 30.gxf3 Bxf6
31.exf6 Bc8 32.Kg2 Nd6 33.Rh1 Ra7 34.hxg6 fxg6 35.Bxg6 Ra8

[Event "Aut_chT_0910"]
[Site "Baden"]
[Date "2010.01.16"]
[Round "6"]
[Board "6"]
[White "Kilgus, Georg"]
[Black "Karner, Christoph"]
[Result "1/2-1/2"]
[WhiteElo "2384"]
[BlackElo "2384"]
[PlyCount "47"]
[EventDate "2009.11.06"]
[EventType "team"]
[EventRounds "11"]
[EventCountry "AUT"]
[WhiteTeam "SK Sparkasse Fuerstenfeld"]
[BlackTeam "Holz Dohr"]

1.c4 g6 2.g3 Bg7 3.Bg2 d6 4.Nc3 Nf6 5.e4 O-O 6.Nge2 c5 7.O-O Nc6 8.d3 Ne8 9.Be3
Nd4 10.Rb1 b6 11.b4 Bb7 12.f4 Qd7 13.Rf2 f5 14.bxc5 dxc5 15.e5 Bxg2 16.Rxg2 Nc7
17.Bxd4 cxd4 18.Nb5 Ne6 19.Na3 g5 20.Rb5 Nc7 21.Rb4 Ne6 22.Rb5 Nc7 23.Rb4 Ne6
24.Rb5